Memphis City Trivia - Statistics

General Stats
  • This quiz has been taken 323 times
  • The average score is 12 of 19
Answer Stats
Hint Answer % Correct
Activist who was assassinated in Memphis in 1968 Martin Luther King, Jr.
94%
River on which Memphis is situated Mississippi River
92%
City that surpassed Memphis to become Tennessee's most populous in 2017 Nashville
90%
Name of the mansion of Elvis Graceland
88%
Memphis is named after an ancient capital in this country Egypt
85%
Delivery services company headquartered in Memphis FedEx
78%
NBA basketball team of Memphis Memphis Grizzlies
77%
That street is considered to be the "birthplace" of this music genre Blues
75%
Most famous street Beale Street
73%
Movie about a wealthy football family who adopt a gigantic black future football player The Blind Side
64%
Memphis is home to the world's busiest _______ by cargo traffic Airport
63%
Memphis is home to world's tenth-tallest of this type of structure Pyramid
57%
Memphis has one of the four predominant regional styles of this method of cooking Barbecue
50%
The modern Memphis was founded in 1819 by John Overton, James Winchester and this U.S. President Andrew Jackson
46%
First European explorer to visit the area of present-day Memphis Hernando de {Soto}
41%
Memphis-native who starred in that movie and was the leading star of "Misery" Kathy Bates
41%
Real life NFL player who is depicted in that movie Michael Oher
41%
County in which Memphis is located * namesake of a high-speed auto company Shelby
39%
Nickname of Memphis - due to its geography {Bluff} City
21%
No matching quizzes found
Score Distribution
Percent of People with Each Score
Percentile by Number Answered
Your Score History
You have not taken this quiz